Normal view
MARC view
Entry Topical Term
001 - CONTROL NUMBER
- control field: 31359
003 - CONTROL NUMBER IDENTIFIER
- control field: OSt
005 - DATE AND TIME OF LATEST TRANSACTION
- control field: 20220520123508.0
008 - FIXED-LENGTH DATA ELEMENTS
- fixed length control field: 220520|| aca||aabn | a|a d
040 ## - CATALOGING SOURCE
- Original cataloging agency: OSt
- Transcribing agency: OSt
150 ## - HEADING--TOPICAL TERM
- Topical term or geographic name entry element: Bengali nationalism, Ethnic assertion, Federalism, Oneunit scheme, Bogra formula, Aghaz-e-haqooq-e-Balochistan, 18th amendment.
670 ## - SOURCE DATA FOUND
- Source citation: Work cat.: (OSt): Behuria, Ashok 31358, Did Pakistan learn from its Bangladesh experience?
